Square Numbers in 30 Seconds - Statistics

General Stats
  • This quiz has been taken 76 times
  • The average score is 15 of 25
Answer Stats
square % Correct
1
100%
4
100%
25
94%
16
92%
36
92%
9
92%
49
86%
81
84%
100
80%
64
80%
144
73%
121
71%
169
55%
225
47%
196
43%
400
41%
256
37%
324
31%
289
29%
625
27%
361
24%
441
24%
484
22%
529
20%
576
18%
No matching quizzes found
Score Distribution
Percent of People with Each Score
Percentile by Number Answered
Your Score History
You have not taken this quiz